The Usage of International Court of Justice in the Field of Border Delimitation Disputes

The paper presents the issues of the peaceful settlement of international border disputes on the delimitation of borders in the International Court of Justice. The definition of an international border dispute on the delimitation of borders is being formulated. It is revealed that the legal means of...

Descripción completa

Guardado en:  
Detalles Bibliográficos
Autores principales: Ilgamovich Garaev, Marsel (Autor) ; Raifovna Shaikhutdinova, Gulnara (Autor)
Tipo de documento: Electrónico Libro
Lenguaje:Inglés
Publicado: 2022
En:Año: 2022
Acceso en línea: Volltext (kostenfrei)
Verificar disponibilidad: HBZ Gateway

MARC

LEADER 00000cam a22000002c 4500
001 1866614819
003 DE-627
005 20250112054915.0
007 cr uuu---uuuuu
008 231020s2022 xx |||||o 00| ||eng c
035 |a (DE-627)1866614819 
035 |a (DE-599)KXP1866614819 
040 |a DE-627  |b ger  |c DE-627  |e rda 
041 |a eng 
084 |a 2,1  |2 ssgn 
100 1 |a Ilgamovich Garaev, Marsel  |e VerfasserIn  |4 aut 
245 1 4 |a The Usage of International Court of Justice in the Field of Border Delimitation Disputes 
264 1 |c 2022 
336 |a Text  |b txt  |2 rdacontent 
337 |a Computermedien  |b c  |2 rdamedia 
338 |a Online-Ressource  |b cr  |2 rdacarrier 
520 |a The paper presents the issues of the peaceful settlement of international border disputes on the delimitation of borders in the International Court of Justice. The definition of an international border dispute on the delimitation of borders is being formulated. It is revealed that the legal means of resolving international border disputes developed by the International Court of Justice influenced the development of international law. It is substantiated that for the effective settlement of border disputes on the delimitation of borders, it is necessity to evaluate the interrelation of territorial, ethnic, historical, social and environmental aspects. The tendencies and factors of development of the law enforcement practice of the International Court of Justice in the field of settlement of border disputes are determined 
700 1 |a Raifovna Shaikhutdinova, Gulnara  |e VerfasserIn  |4 aut 
856 4 0 |u https://core.ac.uk/download/493036311.pdf  |x Verlag  |z kostenfrei  |3 Volltext  |7 0 
935 |a mkri 
951 |a BO 
ELC |a 1 
LOK |0 000 xxxxxcx a22 zn 4500 
LOK |0 001 4394251400 
LOK |0 003 DE-627 
LOK |0 004 1866614819 
LOK |0 005 20231020043719 
LOK |0 008 231020||||||||||||||||ger||||||| 
LOK |0 035   |a (DE-2619)CORE11596219 
LOK |0 040   |a DE-2619  |c DE-627  |d DE-2619 
LOK |0 092   |o n 
LOK |0 852   |a DE-2619 
LOK |0 852 1  |9 00 
LOK |0 935   |a core 
LOK |0 939   |a 20-10-23  |b l01 
OAS |a 1 
ORI |a SA-MARC-krimdoka001.raw